ბათუმის შოთა რუსთაველის სახელმწიფო უნივერსიტეტის ბიბლიოთეკა

Der Aletheiologische Realismus : Schalwa Nuzubidse und seine neuen Denkansätze / (ბიბ.ჩანაწერი № 50329)

000 -LEADER
fixed length control field 00766nam a2200253Ia 4500
001 - CONTROL NUMBER
control field 17270
003 - CONTROL NUMBER IDENTIFIER
control field GE_BSU
005 - DATE AND TIME OF LATEST TRANSACTION
control field 20200210121030.0
008 - FIXED-LENGTH DATA ELEMENTS--GENERAL INFORMATION
fixed length control field 181216s2008en xx |||||||||||||| ||eng||
020 ## - INTERNATIONAL STANDARD BOOK NUMBER
International Standard Book Number 9789941404412
040 ## - CATALOGING SOURCE
Transcribing agency GE_BSU
041 ## - LANGUAGE CODE
Language code of text/sound track or separate title eng
080 ## - UNIVERSAL DECIMAL CLASSIFICATION NUMBER
Universal Decimal Classification number 1 I-84
100 ## - MAIN ENTRY--PERSONAL NAME
Personal name Iremadze, Tengiz.
9 (RLIN) 6933
245 ## - TITLE STATEMENT
Title Der Aletheiologische Realismus : Schalwa Nuzubidse und seine neuen Denkansätze /
Statement of responsibility, etc. Tengiz Iremadze ; Redak. Guram Tewsadse.
250 ## - EDITION STATEMENT
Edition statement Grigol Robakidze University
260 ## - PUBLICATION, DISTRIBUTION, ETC.
Place of publication, distribution, etc. Tbilissi
264 ## - PRODUCTION, PUBLICATION, DISTRIBUTION, MANUFACTURE, AND COPYRIGHT NOTICE
Place of production, publication, distribution, manufacture Tbilissi :
Name of producer, publisher, distributor, manufacturer Neken,
Date of production, publication, distribution, manufacture, or copyright notice 2008.
300 ## - PHYSICAL DESCRIPTION
Extent 116 p;
Dimensions 14 cm.
653 ## - INDEX TERM--UNCONTROLLED
keyword Philosophie
653 ## - INDEX TERM--UNCONTROLLED
keyword ფილოსოფია
700 ## - ADDED ENTRY--PERSONAL NAME
Personal name Tewsadse, Guram
Relator term რედაქტორი
9 (RLIN) 6934
942 ## - ADDED ENTRY ELEMENTS (KOHA)
Koha item type წიგნი
Source of classification or shelving scheme
ეგზემპლარები
Withdrawn status Lost status Source of classification or shelving scheme Damaged status Not for loan Permanent Location Current Location Shelving location Date acquired Full call number Barcode Date last seen Copy number Price effective from Koha item type
          ბათუმის შოთა რუსთაველის სახელმწიფო უნივერსიტეტის მთავარი ბიბლიოთეკა ბათუმის შოთა რუსთაველის სახელმწიფო უნივერსიტეტის მთავარი ბიბლიოთეკა წიგნსაცავი 2018-12-17 1 I-84 45359 2018-12-17 45359 2018-12-17 წიგნი